Anagrammes de départements français - Statistiques

Statistiques générales
  • Ce quiz a été pris 223 fois
    34 depuis la dernière actualisation
  • Le résultat moyen est 32 sur 36
Statistiques - réponses
Anagrammes Département % Correct
Nia Ain
100%
Andrenes Ardennes
100%
Beau Aube
100%
Grés Gers
100%
Olt (Fleuve) Lot
100%
Moelles Moselle
100%
Soie Oise
100%
Saine Aisne
96%
Sonnées Essonne
96%
Ruée Eure
96%
Oriel Loire
96%
Musée Meuse
96%
Rond Nord
96%
Rallie Allier
92%
Ocrerez Correze
92%
Ramen (plat japonais) Marne
92%
Prias Paris
92%
Avoies Savoie
92%
Momes Somme
92%
Envine Vienne
92%
Sucrée Creuse
88%
Morde Drome
88%
Envier Nièvre
88%
Héron Rhône
88%
Haters / Harets Sarthe
88%
Diner Indre
85%
Toiler Loiret
85%
Écharde Ardèche
81%
Renvoya Aveyron
81%
Calant Cantal
81%
Endêve Vendée
81%
Entacher Charente
77%
Serie Isère
77%
Erigea Ariège
73%
Autre chose Haute Corse
58%
Dévoilas Val d'Oise
35%
Aucun quiz correspondant
Distribution des résultats
% des personnes avec chaque résultat
Percentile par nombre de réponses
Votre historique - résultats
Vous n’avez pas pris ce quiz depuis la dernière actualisation